Villes de l'Ardèche (07) - Mort Subite - Statistiques

Statistiques générales
  • Ce quiz a été pris 764 fois
  • Le résultat moyen est 7 sur 30
Answers on the Grid
Answers color-coded by a green-red scale on the quiz's grid according to % correct below.
Chomérac
Ussel
Salforge
Aubenas
Veyras
Privas
Barjac
Orange
La Voulte sur Rhône
Rompon
Ucel
Annonay
Arras-sur Rhône
Étoile-sur-Rhône
Montélimar
Coux
Bidon
Saint-Martial
Valence
Tournon-sur-Rhône
Tain L'Hermitage
Coucouron
Allan
Bourbriac
Vallon Pont-d 'Arc
Figeac
Le Cheylard
Saint-Privat
Le Teil
Aurillac
Asperjoc
Jaujac
Corbas
Allex
Soyons
Champagne
Valréas
Guilherand-Granges
Ajoux
Pessac
Beauchastel
Alissas
Saint-Paul-le-Vieux
Berzème
Saint-Priest
La Rousse
Mars
Peaugres
 
Statistiques - réponses
Réponse % Correct
Privas
57%
Aubenas
53%
Annonay
49%
Vallon Pont-d 'Arc
46%
Chomérac
39%
Le Teil
37%
Le Cheylard
35%
Tournon-sur-Rhône
34%
Guilherand-Granges
33%
La Voulte sur Rhône
30%
Peaugres
25%
Saint-Privat
23%
Veyras
20%
Coux
19%
Jaujac
19%
Rompon
18%
Soyons
17%
Ucel
17%
Beauchastel
16%
Coucouron
16%
Saint-Martial
16%
Saint-Priest
15%
Alissas
14%
Asperjoc
13%
Arras-sur Rhône
12%
Mars
11%
Berzème
8%
Bidon
8%
Ajoux
7%
Champagne
6%
Aucun quiz correspondant
Distribution des résultats
% des personnes avec chaque résultat
Percentile par nombre de réponses
Votre historique - résultats
Vous n’avez pas pris ce quiz